[Event "Chess House GM 2020"]
[Site "Aarhus"]
[Date "2020.12.03"]
[Round "7"]
[White "Georgescu, Lena"]
[Black "Grigorian, Spartak"]
[Result "0-1"]
[WhiteElo "2278"]
[BlackElo "2433"]
[PlyCount "172"]
[EventDate "2020.11.??"]
[EventType "tourn"]
[EventRounds "9"]
[EventCountry "DEN"]

1. e4 c5 2. Nf3 d6 3. d4 cxd4 4. Nxd4 Nf6 5. Nc3 a6 6. Be2 e6 7. Be3 Be7 8. Qd2
b5 9. Bf3 Nfd7 10. e5 d5 11. Bf4 Bb7 12. O-O-O Nb6 13. Kb1 N8d7 14. b3 Qc7 15.
Qe3 O-O 16. h4 Rfc8 17. Nce2 Nc5 18. g4 Ne4 19. g5 Bc5 20. Rc1 Ba3 21. Rcd1
Rab8 22. Ka1 Nd7 23. h5 Nf8 24. Bg4 Qa5 25. f3 Nc3 26. Nxc3 Qxc3+ 27. Qxc3 Rxc3
28. Kb1 Rc7 29. Rh2 Bc5 30. Be3 Bc8 31. f4 Bd7 32. Rg2 Re8 33. Bh3 Bc8 34. Kb2
Ba7 35. Bg1 g6 36. Bg4 Kg7 37. h6+ Kg8 38. Rgd2 Nd7 39. Bf2 Nc5 40. Be3 Ne4 41.
Rg2 Bd7 42. a3 Rec8 43. Bf3 Rc3 44. Rd3 R3c7 45. Rd1 Nc3 46. Ra1 Kf8 47. Rc1
Ke8 48. Be2 Ne4 49. Bd3 Nc5 50. Rd1 Bb6 51. Rf2 Ba5 52. Bd2 Bb6 53. Be3 Rb8 54.
Rg2 Ba5 55. Bd2 Bb6 56. Be3 Ba7 57. Rf2 a5 58. Rg2 b4 59. a4 Bxa4 60. bxa4
Nxa4+ 61. Ka1 Rc3 62. Bb5+ Rxb5 63. Nxb5 Rxe3 64. Rd3 Re1+ 65. Ka2 Bc5 66. c3
Nb6 67. cxb4 Bxb4 68. Rc2 Nc4 69. Nd6+ Bxd6 70. exd6 a4 71. Rd4 Kd7 72. Rcxc4
dxc4 73. Rxc4 Kxd6 74. Rxa4 Rf1 75. Ra8 Rxf4 76. Rh8 Rf5 77. Rxh7 Ke7 78. Kb3
Rxg5 79. Kc4 Rh5 80. Kd4 e5+ 81. Ke4 Ke6 82. Rh8 Rh4+ 83. Kf3 Kf5 84. Rh7 f6
85. Rh8 g5 86. h7 Kg6 0-1

[Event "Chess House GM 2020"]
[Site "Aarhus"]
[Date "2020.12.04"]
[Round "8"]
[White "Thybo, Jesper Sondergaard"]
[Black "Danielsen, Henrik"]
[Result "1/2-1/2"]
[WhiteElo "2565"]
[BlackElo "2517"]
[PlyCount "113"]
[EventDate "2020.11.??"]
[EventType "tourn"]
[EventRounds "9"]
[EventCountry "DEN"]

1. Nf3 d5 2. d4 Nf6 3. c4 c6 4. cxd5 cxd5 5. Nc3 Nc6 6. Bf4 a6 7. Ne5 e6 8. e3
Nxe5 9. Bxe5 Bd7 10. Bd3 Bc6 11. O-O Be7 12. f4 O-O 13. Bxf6 Bxf6 14. g4 g6 15.
Rf2 Bg7 16. g5 Qe7 17. Rc1 Rfc8 18. h4 Rc7 19. h5 Rac8 20. Rfc2 Qb4 21. Kh2 Bf8
22. Qg4 Bb5 23. Bxb5 axb5 24. Kg3 Qe7 25. a3 Rc6 26. hxg6 fxg6 27. Rh2 b4 28.
axb4 Qxb4 29. Qh3 R8c7 30. Ra1 Qe7 31. Nb5 Rd7 32. Nc3 Rdc7 33. Kf3 Rc8 34. Qg4
Qe8 35. Rah1 R8c7 36. Qh3 Rf7 37. Qg4 Ra6 38. Rh4 b5 39. Qh3 Raa7 40. Nxb5 Qxb5
41. Qxe6 Qd3 42. Rxh7 Qe4+ 43. Kf2 Bg7 44. Rxg7+ Kxg7 45. Qh3 Rxf4+ 46. exf4
Qxf4+ 47. Kg2 Qd2+ 48. Kg3 Qxg5+ 49. Qg4 Qe3+ 50. Qf3 Qxd4 51. Rf1 Qe5+ 52. Qf4
Qxf4+ 53. Rxf4 Rb7 54. b4 Rb6 55. Kh4 Rd6 56. Kg4 d4 57. b5 1/2-1/2

[Event "Chess House GM 2020"]
[Site "Aarhus"]
[Date "2020.12.04"]
[Round "8"]
[White "Bjerre, Jonas Buhl"]
[Black "Nilssen, Ellen Fredericia"]
[Result "1-0"]
[WhiteElo "2551"]
[BlackElo "2174"]
[PlyCount "85"]
[EventDate "2020.11.??"]
[EventType "tourn"]
[EventRounds "9"]
[EventCountry "DEN"]

1. e4 e6 2. d4 d5 3. Nc3 Bb4 4. e5 b6 5. a3 Bf8 6. h4 Ne7 7. h5 h6 8. f4 Qd7 9.
Nf3 Ba6 10. Bxa6 Nxa6 11. Qe2 Nb8 12. g4 Nbc6 13. Be3 O-O-O 14. O-O-O Kb8 15.
Rhf1 Na5 16. Nh4 Nc4 17. f5 Nc6 18. fxe6 Qxe6 19. Ng2 N6a5 20. Rd3 Be7 21. Kb1
Nxe3 22. Rxe3 Bg5 23. Nf4 Bxf4 24. Rxf4 Nc4 25. Ref3 Rd7 26. b3 Na5 27. Qf1 Rf8
28. Qd3 c5 29. Qf5 Qxf5 30. Rxf5 Re8 31. Rxf7 Rxf7 32. Rxf7 cxd4 33. Nb5 Rxe5
34. Rxg7 d3 35. cxd3 Nxb3 36. g5 d4 37. Nxa7 Rc5 38. gxh6 Na5 39. h7 Rxh5 40.
a4 Rh1+ 41. Kc2 Nc6 42. Nxc6+ Ka8 43. Ra7# 1-0

[Event "Chess House GM 2020"]
[Site "Aarhus"]
[Date "2020.12.04"]
[Round "8"]
[White "Ramsdal, Jens Albert"]
[Black "Boe Olsen, Filip"]
[Result "0-1"]
[WhiteElo "2292"]
[BlackElo "2354"]
[PlyCount "58"]
[EventDate "2020.11.??"]
[EventType "tourn"]
[EventRounds "9"]
[EventCountry "DEN"]

1. d4 d5 2. c4 e6 3. Nc3 c6 4. cxd5 exd5 5. Qc2 g6 6. e3 Bf5 7. Bd3 Bxd3 8.
Qxd3 Nf6 9. Nge2 Na6 10. a3 Bg7 11. O-O O-O 12. b4 Nc7 13. Bb2 Nce8 14. f3 Nd6
15. e4 Nc4 16. Bc1 a5 17. Bg5 axb4 18. axb4 Qd7 19. Na4 Rxa4 20. Rxa4 Nb2 21.
Qa3 Nxa4 22. e5 Nb6 23. exf6 Ra8 24. Qc1 Bf8 25. g4 Qd6 26. Nf4 Nd7 27. Nd3 Ra2
28. Qf4 Qxf4 29. Nxf4 h6 0-1

[Event "Chess House GM 2020"]
[Site "Aarhus"]
[Date "2020.12.04"]
[Round "8"]
[White "Georgescu, Lena"]
[Black "Haubro, Martin"]
[Result "1/2-1/2"]
[WhiteElo "2278"]
[BlackElo "2434"]
[PlyCount "96"]
[EventDate "2020.11.??"]
[EventType "tourn"]
[EventRounds "9"]
[EventCountry "DEN"]

1. e4 e5 2. Nf3 Nc6 3. Bb5 Nf6 4. O-O Nxe4 5. Re1 Nd6 6. Nxe5 Be7 7. Bf1 Nf5 8.
Nf3 d5 9. d4 O-O 10. c3 Nd6 11. Bd3 Bf5 12. Bf4 Bxd3 13. Qxd3 Qd7 14. Nbd2 Rae8
15. Ne5 Nxe5 16. Bxe5 c6 17. Re2 f6 18. Bf4 Bd8 19. Rae1 Rxe2 20. Rxe2 Qf5 21.
Qxf5 Nxf5 22. Nf1 Kf7 23. Ng3 Ne7 24. f3 g6 25. Kf2 Nc8 26. Nf1 Re8 27. Nd2
Rxe2+ 28. Kxe2 Ke6 29. g4 Be7 30. Kd3 h5 31. h3 Nd6 32. Nf1 hxg4 33. hxg4 Nc4
34. b3 Bd6 35. Bxd6 Nxd6 36. Ne3 Nf7 37. Ng2 f5 38. gxf5+ Kxf5 39. Ke3 Nd6 40.
Ke2 Kg5 41. Ke3 Nf5+ 42. Kf2 Nd6 43. Ke3 a5 44. Ke2 Nb5 45. Kd3 b6 46. Kd2 Nd6
47. Ke3 Nf5+ 48. Kf2 Nd6 1/2-1/2

[Event "Chess House GM 2020"]
[Site "Aarhus"]
[Date "2020.12.04"]
[Round "8"]
[White "Grigorian, Spartak"]
[Black "Heimisson, Hilmir Freyr"]
[Result "1-0"]
[WhiteElo "2433"]
[BlackElo "2318"]
[PlyCount "89"]
[EventDate "2020.11.??"]
[EventType "tourn"]
[EventRounds "9"]
[EventCountry "DEN"]

1. d4 Nf6 2. c4 e6 3. Nc3 Bb4 4. e3 O-O 5. Bd2 d5 6. Nf3 c6 7. Bd3 Nbd7 8. O-O
Re8 9. Nxd5 exd5 10. Bxb4 a5 11. Bc3 dxc4 12. Bxc4 b5 13. Be2 b4 14. Bd2 Bb7
15. a3 Qb6 16. axb4 axb4 17. Qb3 Nd5 18. Bc4 N7f6 19. Rfc1 Rxa1 20. Rxa1 c5 21.
Qa4 cxd4 22. Nxd4 Qc7 23. Qb5 Nb6 24. Be2 Re5 25. Rc1 Qxc1+ 26. Bxc1 Rxb5 27.
Bxb5 Bd5 28. f3 Ba2 29. Kf2 Nfd7 30. Bd2 b3 31. Ba5 Kf8 32. e4 g6 33. Ke2 Ke7
34. Kd2 Kd6 35. Kc3 f5 36. Nxb3 fxe4 37. fxe4 Ke5 38. Nd2 Be6 39. Kd3 Kf4 40.
Kd4 h5 41. Nf3 Kg4 42. Be2 h4 43. Bd2 h3 44. Ne5+ Kh4 45. g3# 1-0

[Event "Chess House GM 2020"]
[Site "Aarhus"]
[Date "2020.12.05"]
[Round "9"]
[White "Heimisson, Hilmir Freyr"]
[Black "Thybo, Jesper Sondergaard"]
[Result "0-1"]
[WhiteElo "2318"]
[BlackElo "2565"]
[PlyCount "82"]
[EventDate "2020.11.??"]
[EventType "tourn"]
[EventRounds "9"]
[EventCountry "DEN"]

1. e4 e5 2. Nf3 Nc6 3. Bc4 Bc5 4. c3 Nf6 5. d4 exd4 6. e5 d5 7. Bb5 Ne4 8. cxd4
Bb6 9. Nc3 Bg4 10. Be3 O-O 11. h3 Bh5 12. Qb3 Bxf3 13. gxf3 Ng5 14. O-O-O Nxf3
15. Qa4 Qh4 16. Nxd5 Ncxd4 17. Bxd4 Bxd4 18. Qa3 c6 19. Ne7+ Kh8 20. Qxf3 Qxe7
21. Rxd4 Qxe5 22. Rhd1 Qxb5 23. Kb1 Rae8 24. a3 a5 25. Rd7 Kg8 26. Qf4 Re2 27.
Qd4 c5 28. Qc3 Rxf2 29. Ka2 Rf1 30. R1d5 h6 31. Rd8 Rxd8 32. Rxd8+ Kh7 33. Qc2+
f5 34. Rd5 a4 35. Rxc5 Qd7 36. Rc8 Qe6+ 37. Qc4 Qxc4+ 38. Rxc4 f4 39. Rxa4 f3
40. Rf4 g5 41. Rf8 h5 0-1

[Event "Chess House GM 2020"]
[Site "Aarhus"]
[Date "2020.12.05"]
[Round "9"]
[White "Nilssen, Ellen Fredericia"]
[Black "Ramsdal, Jens Albert"]
[Result "1-0"]
[WhiteElo "2174"]
[BlackElo "2292"]
[PlyCount "69"]
[EventDate "2020.11.??"]
[EventType "tourn"]
[EventRounds "9"]
[EventCountry "DEN"]

1. d4 Nf6 2. c4 b6 3. Nc3 Bb7 4. Nf3 e6 5. a3 d5 6. cxd5 Nxd5 7. Qc2 Nxc3 8.
bxc3 Be7 9. e4 O-O 10. Bd3 c5 11. O-O Qc7 12. Qe2 Nc6 13. h4 Na5 14. Be3 Rac8
15. e5 f5 16. exf6 Bxf6 17. Ng5 g6 18. Nxe6 Qc6 19. Qg4 Rf7 20. h5 g5 21. h6
Kh8 22. Bxg5 Rg8 23. f4 cxd4 24. cxd4 Qd5 25. Rae1 Bc8 26. Kh1 Bxd4 27. Rf3 Bf6
28. Bxf6+ Rxf6 29. Qg7+ Rxg7 30. hxg7+ Kg8 31. Bxh7+ Kxh7 32. Rh3+ Rh6 33.
Rxh6+ Kxh6 34. g8=Q Bxe6 35. Rxe6+ 1-0

[Event "Chess House GM 2020"]
[Site "Aarhus"]
[Date "2020.12.05"]
[Round "9"]
[White "Boe Olsen, Filip"]
[Black "Georgescu, Lena"]
[Result "1-0"]
[WhiteElo "2354"]
[BlackElo "2278"]
[PlyCount "57"]
[EventDate "2020.11.??"]
[EventType "tourn"]
[EventRounds "9"]
[EventCountry "DEN"]

1. d4 Nf6 2. c4 e6 3. Nf3 d5 4. g3 dxc4 5. Bg2 a6 6. O-O Nc6 7. e3 Rb8 8. Nfd2
e5 9. Bxc6+ bxc6 10. dxe5 Ng4 11. Nxc4 Be6 12. Nbd2 Bb4 13. b3 h5 14. f3 Nxe3
15. Nxe3 Qd4 16. Qc2 Qxe3+ 17. Kg2 Qxe5 18. Bb2 Qg5 19. Ne4 Qg6 20. Qxc6+ Kf8
21. Qxc7 Rc8 22. Qf4 Ke7 23. a3 f5 24. Qh4+ Ke8 25. Nf6+ gxf6 26. Qxb4 Rc2+ 27.
Rf2 Rxf2+ 28. Kxf2 f4 29. Re1 1-0

[Event "Chess House GM 2020"]
[Site "Aarhus"]
[Date "2020.12.05"]
[Round "9"]
[White "Haubro, Martin"]
[Black "Grigorian, Spartak"]
[Result "0-1"]
[WhiteElo "2434"]
[BlackElo "2433"]
[PlyCount "84"]
[EventDate "2020.11.??"]
[EventType "tourn"]
[EventRounds "9"]
[EventCountry "DEN"]

1. e4 c5 2. Nf3 d6 3. d4 cxd4 4. Nxd4 Nf6 5. Nc3 Nc6 6. Bg5 e6 7. Qd2 a6 8.
O-O-O Bd7 9. f4 Be7 10. Nf3 b5 11. Bxf6 gxf6 12. Bd3 Qb6 13. Kb1 O-O-O 14. Rhe1
Kb7 15. f5 Ne5 16. Qh6 Rdg8 17. Qh5 Rg7 18. Rd2 Qc5 19. Ne2 a5 20. Ned4 a4 21.
fxe6 fxe6 22. Nxe5 fxe5 23. Nf3 b4 24. Qh6 Rhg8 25. Rc1 a3 26. c3 Rxg2 27. Bf1
axb2 28. Rcc2 Rg1 29. Nxg1 Rxg1 30. Qh3 Bb5 31. c4 Bxc4 32. Kxb2 d5 33. Rc1
Rxf1 34. Rxf1 Bxf1 35. Qxf1 Qc3+ 36. Kb1 Qxd2 37. Qb5+ Kc7 38. Qa5+ Kc6 39.
Qa6+ Kc5 40. Qa7+ Kc4 41. Qxe7 Kd3 42. Qc5 Qe1+ 0-1